000 01356nam0a2200349 4500
001 RU\NLR\bibl\487708
005 20260405184247.0
010 _a5-98293-005-9
021 _aRU
_b2003-70216
_93473
035 _a(NLR Aleph) 000480399
090 _a1050048
_c1050048
100 _a20040206d2003 |||y0rusy50 ca
101 1 _arus
_ceng
102 _aRU
105 _aa |||||||||
200 1 _aТипы ролей в командах менеджеров
_e[Пер. с англ.]
_fР. Мередит Белбин
210 _aМ.
_cHIPPO
_d2003
215 _a220 с.
_cил.
_d20
225 1 _aBESTSELLER
300 _aЗагл. и авт. ориг.: Team Roles at work/R. Meredith Belbin
320 _aБиблиогр. в подстроч. примеч.
320 _aАлф. указ.: с. 215-220
454 0 _12001#$aTeam Roles at Work
_1700#1$aBelbin$bR. M.$gR. Meredith$4070
_tTeam Roles at Work
_aBelbin, R. Meredith
606 0 _aМенеджеры
_xСоциально-психологические исследования
_92063080
_3RU\NLR\auth\661237422
686 _aС550.373.2
686 _aУ21(0)
700 1 _4070
_8rus
_7ca
_aБелбин
_bР. М.
_gРэймонд Мередит
_3RU\NLR\auth\7780754
_963682
801 0 _aRU
_bNLR
_c20040206
_gPSBO
801 1 _aRU
_bNLR
_c20040206
942 _cBOOK
980 _aNB